000 01108cam a22002174a 4500
005 20250605164053.0
008 250528s ||||||||||||||||||||||||d
035 _a17372
020 _a415137640
040 _aGR-AtMCL
_bgre
_dGR-AtMCL
_eAACR2
245 1 _aTourism and Sustainability / New Tourism in the Third World
250 _a1st
260 _bRouledge,
_c1998
300 _a366
520 _aThis book explores and challenges the notions of sustainability, globalization and power and their relationship to contemporary tourism in the Developing World. Acknowledgements, Introduction, Globalization and Sustainability, Power and Tourism, Tourism and Sustainability, A New Tourist Class: Trendies on the Trail, Socio-Environmental Organizations: Where Shall we Save Next?, The Industry: Lies and Damned Lies and Sustainability, ''Hosts'' and Destinations: For What we are about to Receive, Governments and Tourism: What Can we Sell Off?, Conclusion, References, Index.
700 1 _aMowforth Martin
_93525
700 1 _aMunt Ian
_93526
942 _cBK
999 _c2795
_d2795